=LDR 00000nam 2200000 4500 =001 INLIS000000000034352 =005 20130612140248 =008 ***********************************ind** =035 ##$$0010-061300000034352 =041 ##$$a ind =082 ##$$a 956. 8 =090 ##$$a 956. 8, Hen s =100 ##$$a Hendrayana =245 ##$$a Sejarah sekolah menengah atas dan Madrasah Aliyah, Hendrayana ; penyuting Wawan Dermawan =260 ##$$a 2009 $b Jakarta =300 ##$$a 3 jil, ilus, 25 cm =650 ##$$a Sejarah - Studi dan Pengajaran, Dermawan , Wawan =850 ##$$a NBPNMAT